000 00725nam a2200229 i 4500
001 64115
003 ES-MaACL
005 20250829112153.0
007 t|
008 031222s1971 sp ||||1| spa d
100 1 _aFlamant, Maurice.
_951102
245 1 0 _aCrisis y recesiones económicas /
_cpor Maurice Flamant y Jeanne Singer-Kerel ; [traducción de F. Minguella Rubio].
250 _a[1ª ed.].
260 _aBarcelona :
_bOikos-Tau,
_c[1971]
300 _a126 p. ;
_c18 cm.
490 1 _a¿Qué sé? ;
_v38
700 1 _aSinger-Kerel, Jeanne.
_9106631
700 1 _aMinguella Rubio, F.
_981339
830 0 _a¿Qué sé?
_v38
_9181382
852 _aES-MaACL
_jC-44426
_bR.77747
999 _c64115
_d64115